Système des organismes - Statistiques

Statistiques générales
  • Ce quiz a été pris 14 fois
  • Le résultat moyen est 8 sur 12
Statistiques - réponses
Hint Réponse % Correct
Coeur, Poumon, Estomac Organe
100%
Hydrogene , Mercure Atome
91%
immunitaire, reproductif, digestif système
91%
Tous les vivants d'une érablière Communauté
82%
Eau, Dioxyde de carbone, ADN Molécule
82%
SpermatozoÏde, Ovule Cellule
73%
seulement les grenouilles de x endroit , seulement les humains de x quartier, seulement les érable à sucre qu'elle contient Population
64%
Tous les organismes vivants et leurs milieux vie Biosphère
55%
Tout ce que contient une érablière, Le lac Témiscouata Écosystème
55%
Grenouille, Humain Organisme
55%
Adipeux,nerveux , musculaire Tissu
45%
Noyau, Ribosomes Organite
27%
Aucun quiz correspondant
Distribution des résultats
% des personnes avec chaque résultat
Percentile par nombre de réponses
Votre historique - résultats
Vous n’avez pas pris ce quiz